| 000 | 00732nam a2200241 a 4500 | ||
|---|---|---|---|
| 008 | |||
| 020 | _a0256091781 (hbk.) | ||
| 049 | _aMAIN | ||
| 090 | _aKF889 KLA | ||
| 100 | _aKlayman, Elliot I. | ||
| 245 |
_aIrwin's business law : _bconcepts, analysis, perspectives / _cElliot I Klayman |
||
| 260 |
_aBurr Ridge, Illinois : _bIrwin, _c1994 |
||
| 300 |
_axxv, 1362 p. _bill. ; _c26 cm. |
||
| 440 | _aIrwin legal studies in business series. | ||
| 500 | _aIncludes index. | ||
| 650 | _aBusiness law. | ||
| 740 | _aConcepts, analysis, perspectives. | ||
| 907 |
_a.b10091804 _b30-01-07 _c17-11-03 |
||
| 003 | |||
| 005 | 20230123133451.0 | ||
| 040 | _cNUST | ||
| 942 |
_cBOOKS _kKF889 KLA |
||
| 999 |
_c149090 _d149090 |
||